1816 1312 1807 1679 1170 1371 1715 1508 1947 1700 1102 1622 1445 1096 1927 1281 1371 1118 1256 1784 1264 1894 1332 1839 1373 1048 1196 1200 1293 1359 1782 1961 1232 1330 1877 1916 1270 1119 1211 1882 1495 1060 1600 1333 1558 1112 1331 1492 1152 1052 1937 1169 1778 1809 1246 1573 1620 1433 1895 1112 1457 1792 1297 1353 1105 1480 1374 1249 1939 1140 1749 1926 1347 1589 1124 1694 1926 1370 1769 1674 1129 1918 1803 1655 1224 1926 1509 1342 1210 1097 1632 1917 1277 1781 1010 1921 1608 1642 1004 BCNSPRNW ULIB Ver.6.0+V

เปลี่ยนเป็นภาษาไทย

Change to English
 แสดงรายละเอียดบรรณานุกรม
  กลับหน้าหลัก

Brief Record : Get Marc (ISO 2709) : E-mail record : QR code < ปิดหน้าต่าง
LEADER : 00000nam 2200000uu 4500
001    13399121375
003     ULIB
008    121116s2550||||th 000 0 tha d
020    ^a9789747035841
050  4 ^aK7885^bช587ก
100 0  ^aชีวธันย์ ญาณากรสกุล
245 00 ^aก๊อบปี้ ตัดต่อ แปลงไฟล์ CD/DVD /^cชีวธันย์ ญาณากรสกุล
260    ^aกรุงเทพฯ :^bอี เอ็กซ์พี มีเดียว,^c2550
300    ^a271 หน้า :^bภาพประกอบ
650  7 ^aCD^xการตัดต่อ
650  7 ^aDVD^xการตัดต่อ
945    ^p139^l0^i15081
995    ^aวิภา
999 ^a ทศพร
รายการนี้ยังไม่มีแท็ก
คุณยังไม่ได้ล็อกอิน คุณสามารถมีกิจกรรมร่วมกับเว็บไซต์ได้ แต่ต้องล็อกอินก่อน ::
  ล็อกอิน

รายการสื่อสารสนเทศ

ลำดับที่ ประเภท เลขเรียก/บาร์โค้ด สถานที่ สถานะ
1. การศึกษาทั่วไป
การศึกษาทั่วไป
K7885 ช587ก  
  Barcode: 15081
ห้องสมุดวิทยาเขตสวรรค์ประชารักษ์
►หนังสือทั่วไป
บนชั้น

รายการใกล้เคียง
    ผู้แต่ง [ชีวธันย์ ญาณากรสกุล]

BibComment


ยังไม่เคยถูกคอมเมนท์

คอมเมนท์ทรัพยากรรายการนี้
  คอมเมนท์: ก๊อบปี้ ตัดต่อ แ..


 Copyright 2026. Bcnsprnw @Library